| 000 | 00872aam a2200373 4500 | ||
|---|---|---|---|
| 005 | 20250818170055.0 | ||
| 008 | 150421b2006 xxu||||| |||| 00| 0 spa d | ||
| 020 | _a8466212302 | ||
| 041 | _aESP | ||
| 082 | _a610 A159e | ||
| 100 |
_aAbrahams, Peter. _934462 |
||
| 245 | _aEnciclopedia médica familiar | ||
| 260 | _aEspaña | ||
| 260 | _bLibsa | ||
| 260 | _c2005 | ||
| 300 | _a253 páginas | ||
| 300 | _bIlustraciones a color | ||
| 650 | _aMEDICINA FAMILIAR | ||
| 650 | _aINFECCIONES | ||
| 650 | _aENFERMEDADES | ||
| 650 | _aCORAZÓN | ||
| 650 | _aPULMONES | ||
| 650 | _aSANGRE | ||
| 650 | _aSISTEMA INMUNOLÓGICO | ||
| 650 | _aSISTEMA NERVIOSO | ||
| 650 | _aSISTEMA DIGESTIVO | ||
| 650 | _aHORMONAS | ||
| 650 | _aSISTEMA REPRODUCTOR | ||
| 650 | _aRIÑONES | ||
| 650 | _aOJOS | ||
| 650 | _aOIDOS | ||
| 650 | _aPIEL | ||
| 942 |
_cBK _2ddc |
||
| 999 |
_c4905 _d4905 |
||